Śmaśāna kurukṣētraṃ. (Record no. 79276)

MARC details
000 -LEADER
fixed length control field 00547cam a22002291 4500
001 - CONTROL NUMBER
control field sa 68003158
003 - CONTROL NUMBER IDENTIFIER
control field DLC
005 - DATE AND TIME OF LATEST TRANSACTION
control field 20260227112450.0
008 - FIXED-LENGTH DATA ELEMENTS--GENERAL INFORMATION
fixed length control field 941010s1967 ii 000 0 kano
010 ## - LIBRARY OF CONGRESS CONTROL NUMBER
LC control number sa 68003158
025 ## - OVERSEAS ACQUISITION NUMBER
Overseas acquisition number PL480:I-Kan-877
035 ## - SYSTEM CONTROL NUMBER
System control number (OCoLC)31253714
040 ## - CATALOGING SOURCE
Original cataloging agency DLC
Transcribing agency CU
Modifying agency CU
-- DLC
042 ## - AUTHENTICATION CODE
Authentication code premarc
050 00 - LIBRARY OF CONGRESS CALL NUMBER
Classification number PL4659.P797
Item number S6
100 0# - MAIN ENTRY--PERSONAL NAME
Personal name Kuvempu,
Dates associated with a name 1904-1994.
245 10 - TITLE STATEMENT
Title Śmaśāna kurukṣētraṃ.
260 ## - PUBLICATION, DISTRIBUTION, ETC.
Date of publication, distribution, etc. [1967]
300 ## - PHYSICAL DESCRIPTION
Extent 51 p.
Dimensions 19 cm.
500 ## - GENERAL NOTE
General note In Kannada.
500 ## - GENERAL NOTE
General note A play.

No items available.

Powered by Koha